Entre mujeres : (Registro nro. 49921)
[ vista simple ]
| 000 -LÍDER | |
|---|---|
| Campo fijo de descripción fija | 01626aab a2200217 i 4500 |
| 001 - NÚMERO DE CONTROL | |
| Campo de control | 768714001 |
| 003 - IDENTIFICADOR DEL NÚMERO DE CONTROL | |
| Campo de control | CO-MdFUSB |
| 005 - FECHA Y HORA DE LA ULTIMA TRANSACCIÓN | |
| control field | 20230508164245.0 |
| 008 - ELEMENTOS DE LONGITUD FIJA -- INFORMACIÓN GENERAL | |
| Campo fijo de descripción fija -- Información general | 221104s2002 sp ||||| |||| 00| 0 spa d |
| 040 ## - FUENTE DE CATALOGACIÓN | |
| Idioma de catalogación | spa |
| Agencia que realiza la transcripción | CO-MdFUSB |
| Agencia que realiza la modificación | CO-MdFUSB |
| 041 ## - CÓDIGO DE IDIOMA | |
| Código de idioma para texto/pista de sonido o título separado | spa |
| 100 1# - ASIENTO PRINCIPAL--NOMBRE PERSONAL | |
| Nombre personal | Salazar Parreñas, Rhacel |
| Término relacionador | autor |
| 245 10 - TÍTULO | |
| Título | Entre mujeres : |
| Subtitulo | el trabajo doméstico de las inmigrantes y las desigualdades de género en la nueva economía mundial |
| Mención de responsabilidad | / Rhacel Salazar Parreñas |
| 300 ## - DESCRIPCIÓN FÍSICA | |
| Extensión | Número 298 (2002), Páginas 33 - 47 |
| Dimensiones | ; 21 cm |
| 520 ## - NOTA DE RESUMEN, ETC. | |
| Nota de sumario, etc. | para liberarse de las tareas del hogar, las mujeres la convierten en mera mercancía y compran los servicios de los más pobres pagando un salario mínimo. En nuestra sociedad global, son las mujeres inmigrantes procedentes del sur las que están liberando cada vez más a las del norte de esta carga. Esto tiene importantes consecuencias en el campo de las relaciones entre mujeres. El desarrollo de un grupo se consigue a costa del retroceso de otro, pues en este proceso de liberar a las otras de su carga es. habitual que se niegue a las inmigrantes el derecho de cuidar a su propia familia. Con este artículo pretendo desenmarañar esta situación paradójica que afecta a las mujeres a fin de dirigir los desafíos que ésta presenta hacia nuestro esfuerzo por construir relaciones feministas transnacionales en el contexto de la globalización. |
| 650 #7 - ASIENTO SECUNDARIO DE MATERIA - TERMINO TEMÁTICO | |
| 9 (RLIN) | 2117 |
| Término temático o nombre geográfico como elemento de entrada | Emigración e inmigración |
| 650 #7 - ASIENTO SECUNDARIO DE MATERIA - TERMINO TEMÁTICO | |
| 9 (RLIN) | 325 |
| Término temático o nombre geográfico como elemento de entrada | Mujeres |
| Subdivisión general | Derechos |
| 653 ## - TÉRMINO DE INDIZACIÓN - NO CONTROLADO | |
| Término no controlado | Trabajo doméstico |
| 773 0# - ASIENTO DE ITEM FUENTE | |
| Título | Concilium |
| Biblionumber | 49450 |
| Itemnumber | 60415 |
| Parte(s) relacionada(s) / Volumen., número. (mes año), páginas | Número 298 (2002), Páginas 33 - 47 |
| Enumeración y primera página | Páginas 33 |
| 942 ## - TIPO DE MATERIAL (KOHA) | |
| Tipo de Item KOHA | Artículos de Revista |
No hay ítems disponibles.
